000 01060nam a2200301 i 4500
003 DO-SdBNP
005 20250820110522.0
007 ta
008 240618b2024 dr ||||| |||| 00| 0 spa d
020 _a9789945654066
040 _aDO-SdBNP
_bspa
_cBNPHU
_erda
041 _aspa
082 4 _a158.1
_bH557d
_222
100 1 _aHernández Castillo, Yamire,
_eautor
_4aut.
_985688
245 1 0 _a10 lecciones de sabiduría que cambiarán tu vida para siempre /
_cYamire Hernández Castillo
246 _aDiez lecciones de sabiduría que cambiarán tu vida para siempre
264 1 _aSanto Domingo :
_bEditorial Santuario,
_c2024.
300 _a77 páginas ;
_c22 cm.
336 _atexto
_btxt
_2rdacontent
337 _asin mediación
_bn
_2rdamedia
338 _avolumen
_bnc
_2rdacarrier
500 _aIncluye referencias bibliográficas y notas al pie de las páginas
590 _aInventariado, 2024/BT
650 4 _2Conducta (Ética)
650 4 _aTécnicas de autoayuda
_9387
910 _aBtavárez/Validado. Control de calidad MFF
942 _2ddc
_cLBS1
999 _c56871
_d56871